Statistics for ATP Top 100

Click here to take the quiz!

General Stats

  • This quiz has been taken 5,137 times
    (29 since last reset)
  • The average score is 45 of 100

Answer Stats

# Hint Answer % Correct
1SerbiaNovak Djokovic
100%
3AustriaDominic Thiem
100%
5SwitzerlandRoger Federer
100%
2SpainRafael Nadal
100%
7GermanyAlexander Zverev
96%
4RussiaDaniil Medvedev
91%
6GreeceStefanos Tsitsipas
91%
18SwitzerlandStanislas Wawrinka
83%
45AustraliaNick Kyrgios
83%
14CanadaMilos Raonic
83%
19BulgariaGrigor Dimitrov
78%
12CanadaDenis Shapovalov
78%
9ArgentinaDiego Schwartzman
78%
21CanadaFelix Auger-Aliassime
78%
8RussiaAndrey Rublev
74%
42CroatiaMarin Cilic
74%
11FranceGael Monfils
70%
62FranceJo-Wilfried Tsonga
70%
10ItalyMatteo Berrettini
70%
41JapanKei Nishikori
70%
13SpainRoberto Bautista Agut
65%
15BelgiumDavid Goffin
65%
17ItalyFabio Fognini
65%
25USAJohn Isner
65%
81South AfricaKevin Anderson
65%
28FranceBenoit Paire
61%
29USATaylor Fritz
61%
23AustraliaAlex de Minaur
61%
16SpainPablo Carreno Busta
61%
20RussiaKaren Kachanov
57%
37ItalyJannik Sinner
52%
59USAFrances Tiafoe
52%
24CroatiaBorna Coric
52%
27NorwayCasper Ruud
52%
56JapanYoshihito Nishioka
48%
47FranceRichard Gasquet
48%
40GeorgiaNikoloz Basilashvili
48%
22ChileChristian Garin
48%
55HungaryMarton Fucsovics
43%
96AustriaDennis Novak
43%
30FranceUgo Humbert
43%
90PortugalJoao Sousa
43%
36GermanyJan-Lennard Struff
43%
61CanadaVasek Pospisil
39%
32Great BritainDaniel Evans
39%
50KazakhstanAlexander Bublik
39%
83FrancePierre-Hugues Herbert
39%
48Great BritainKyle Edmund
39%
67UruguayPablo Cuevas
39%
69LithuaniaRicardas Berankis
39%
72USASteve Johnson
39%
87South AfricaLloyd Harris
39%
65SpainFernando Verdasco
39%
63FranceGilles Simon
35%
58SloveniaAljaz Bedene
35%
89KazakhstanMikhail Kukushkin
35%
51AustraliaJordan Thompson
35%
39USAReilly Opelka
35%
26SerbiaDusan Lajovic
35%
34PolandHubert Hurkacz
35%
38AustraliaJohn Millman
35%
57SerbiaLaslo Djere
30%
97GermanyPhilipp Kohlschreiber
30%
94SwedenMikael Ymer
30%
92HungaryAttila Balasz
30%
31SerbiaFilip Krajinovic
30%
33ItalyLorenzo Sonego
30%
86FinlandEmil Ruusuvuori
30%
78BelarusEgor Gerasimov
30%
100SlovakiaAndrej Martin
30%
71Great BritainCameron Norrie
30%
70FranceLucas Pouille
30%
53USASam Querrey
30%
64SpainFeliciano Lopez
30%
44SerbiaMiomir Kecmanovic
30%
76ItalySalvatore Caruso
26%
46SpainAlbert Ramos-Vinolas
26%
60SpainPablo Andujar
26%
54USATommy Paul
26%
95South KoreaSoonwoo Kwon
26%
68Czech RepublicJiry Vesely
26%
82ArgentinaFederico Delbonis
26%
35FranceAdrian Mannarino
26%
84BrazilThiago Monteiro
26%
52SpainAlejandro Davidovich Fokina
26%
93MoldovaRadu Albot
26%
49USATennys Sandgren
26%
77FranceCorentin Moutet
26%
79ArgentinaJuan Ignacio Londero
22%
74ItalyStefano Travaglia
22%
75FranceJeremy Chardy
22%
80ItalyMarco Cecchinato
22%
43ArgentinaGuido Pella
22%
91ArgentinaFederico Coria
17%
66GermanyDominik Koepfer
17%
99ItalyGianluca Mager
17%
88SlovakiaNorbert Gombos
17%
85SpainPedro Martinez
9%
73USAMarcos Giron
9%
98BoliviaYannick Hanfmann
4%

Score Distribution

Percentile by Number Answered

Percent of People with Each Score

Your Score History

You have not taken this quiz since the last reset